[Event "FRM-chT 20th"]
[Site "Struga"]
[Date "2011.08.11"]
[Round "4"]
[White "Kutirov, Rolando"]
[Black "Micov, Vladimir"]
[Result "1-0"]
[WhiteElo "2337"]
[BlackElo "2251"]
[PlyCount "49"]
[EventDate "2011.08.08"]
[EventType "team-tourn"]
[EventRounds "7"]
[EventCountry "MKD"]
[SourceTitle "CBM 143 Extra"]
[Source "ChessBase"]
[SourceDate "2011.08.29"]
[SourceVersion "1"]
[SourceVersionDate "2011.08.29"]
[SourceQuality "1"]
[WhiteTeam "Skopje Kisela Voda"]
[BlackTeam "Kochani"]
[WhiteTeamCountry "MKD"]
[BlackTeamCountry "MKD"]

1. d4 d5 2. c4 e6 3. Nf3 Nf6 4. Nc3 Be7 5. Bg5 0-0 6. e3 b6 7. Qc2 Bb7 8. Bxf6 Bxf6 9. cxd5 exd5 10. 0-0-0 Nd7 11. g4 c5 12. Kb1 g6 13. h4 Bg7 14. h5 cxd4 15. exd4 Nf6 16. hxg6 hxg6 17. Ne5 Rc8 18. f3 Nd7 19. Qh2 Re8 20. Bb5 Nxe5 21. Bxe8 Qxe8 22. Rde1 Qd8 23. Rxe5 Rc4 24. Qh7+ Kf8 25. Qh8+ 1-0

[Event "FRM-chT 20th"]
[Site "Struga"]
[Date "2011.08.09"]
[Round "2"]
[White "Kutirov, Rolando"]
[Black "Gjorgjieski, Dejan"]
[Result "1-0"]
[WhiteElo "2337"]
[BlackElo "2237"]
[PlyCount "81"]
[EventDate "2011.08.08"]
[EventType "team-tourn"]
[EventRounds "7"]
[EventCountry "MKD"]
[SourceTitle "CBM 143 Extra"]
[Source "ChessBase"]
[SourceDate "2011.08.29"]
[SourceVersion "1"]
[SourceVersionDate "2011.08.29"]
[SourceQuality "1"]
[WhiteTeam "Skopje Kisela Voda"]
[BlackTeam "Prilep"]
[WhiteTeamCountry "MKD"]
[BlackTeamCountry "MKD"]

1. c4 e5 2. g3 Nc6 3. Bg2 Nf6 4. Nc3 Bb4 5. Nd5 0-0 6. Nxb4 Nxb4 7. d3 a5 8. b3 Re8 9. a3 Nc6 10. e3 d5 11. cxd5 Nxd5 12. Bb2 Qd6 13. Ne2 Bg4 14. h3 Bh5 15. g4 Bg6 16. 0-0 Rad8 17. Rc1 Qe6 18. Rc5 e4 19. d4 b6 20. Rc4 f5 21. gxf5 Bxf5 22. Ng3 Nce7 23. Kh2 Qd6 24. Rg1 Rd7 25. Qc2 Nf6 26. Kh1 Qe6 27. d5 Nexd5 28. Rc6 Rd6 29. Rxd6 cxd6 30. Kh2 Ng4+ 31. hxg4 Qh6+ 32. Nh5 Bxg4 33. Bh3 Bxh5 34. Rxg7+ Qxg7 35. Bxg7 Kxg7 36. Qc6 Nf6 37. Qxb6 Re5 38. Qxd6 Rd5 39. Qe7+ Kg6 40. Be6 Rg5 41. Qf7+ 1-0

[Event "FRM-chT 19th"]
[Site "Struga"]
[Date "2010.08.12"]
[Round "4"]
[White "Kutirov, Rolando"]
[Black "Trajkoski, Slave"]
[Result "1-0"]
[WhiteElo "2337"]
[BlackElo "2315"]
[PlyCount "87"]
[EventDate "2010.08.09"]
[EventType "team"]
[EventRounds "7"]
[EventCountry "MKD"]
[SourceTitle "CBM 137 Extra"]
[Source "ChessBase"]
[SourceDate "2010.09.01"]
[SourceVersion "1"]
[SourceVersionDate "2010.09.01"]
[SourceQuality "1"]

1. c4 Nf6 2. g3 g6 3. Bg2 d5 4. cxd5 Nxd5 5. Nc3 Nb6 6. d3 Bg7 7. Be3 0-0 8. Qd2 N8d7 9. Bh6 Nf6 10. h4 Bxh6 11. Qxh6 Ng4 12. Qd2 h5 13. Nh3 Kg7 14. b3 c6 15. 0-0 e5 16. Ng5 f6 17. Nge4 Nd5 18. Rad1 Qb6 19. d4 Be6 20. Nc5 Bf5 21. N3a4 Qb4 22. e4 b6 23. Nd3 Qxd4 24. exd5 cxd5 25. Nb4 Qxd2 26. Rxd2 d4 27. Bxa8 Rxa8 28. Rc1 b5 29. Rc7+ Kh6 30. Nc5 a5 31. Nd5 g5 32. f3 Ne3 33. Nxe3 dxe3 34. Re2 gxh4 35. gxh4 Rg8+ 36. Kh2 Rd8 37. Ne4 Rd3 38. Kg3 Kg6 39. Rc6 Bxe4 40. fxe4 a4 41. bxa4 bxa4 42. Kf3 Ra3 43. Rcc2 f5 44. Rxe3 1-0